International Journal of Entrepreneurial Knowledge

Na minha lista:
Detalhes bibliográficos
Formato: Periódico
Idioma:inglês
Publicado em: Praha Center for International Scientific Research of VŠO and VŠPP
Tags: Adicionar Tag
Sem tags, seja o primeiro a adicionar uma tag!

MARC

LEADER 00000nas1a2200000 4500
001 0304179
005 20240911110009.1
022 |a 2336-2960 
022 |a 2336-2952 
041 0 |a eng 
044 |a CZ 
245 1 0 |a International Journal of Entrepreneurial Knowledge 
264 1 |a Praha  |b Center for International Scientific Research of VŠO and VŠPP